Gilmore girls Quiz - 1 - Statistics

General Stats
  • This quiz has been taken 249 times
    245 since last reset
  • The average score is 11 of 26
Answer Stats
Hint Answer % Correct
How many months were Rory and Dean dating when he gave her a car? 3
83%
Lane's mother is a Christian. What is her grandmother's religion? Buddhism
78%
How many yellow daisies does Max Medina give Lorelai before proposing to her? 1000
73%
What item does Richard say no one should ever be without? A pen
72%
What did Rory steal after she kissed Dean for the first time? Corn starch
64%
What 2 colors does Lane dye her hair? Purple and black
55%
Who does Rory kiss on Spring Break? Paris
53%
What type of drink does Emily make at the tailgate? Bloody Mary
49%
What is the name of the other restaurant in Stars Hollow? Al's Pancake World
48%
What is the name of Logan Hanzberger's sister? Honor
46%
What is the name of Chilton's school paper? The Franklin
46%
Richard was engaged to someone else before he married Emily. What was her name? Pennilyn Lott
43%
What is Rory Gilmore's middle name? Leigh
42%
What was the theme of the party Sookie and Lorelai catered? Lord of the Rings
41%
What band does Sookie get tickets for? The Bangles
38%
Luke's sister is married to T.J. but that's not his real name. What is his real name? Gary
33%
Why do Rory and Logan get arrested? Stealing a boat
31%
What is the saying of the secret society at Yale? In omnia paratus
30%
What is the full name of Chilton's headmaster? Hanlin Charleston
29%
What color does Lorelai wear to the Harvard-Yale game? Crimson
26%
The first time Jess goes to Rory's house what does he take? Beer
23%
What unit of measurement does Richard mention originated at Yale? Kropogs
18%
Jason Stiles has a dog called Cyrus. Who trained Cyrus? Monks
18%
What channel do Rory and Paris argue about who likes to watch it more? C-SPAN
17%
What time was Rory born? 4:03am
9%
What book does Rory make Dean read that he calls "depressing"? Anna Karenina
8%
No matching quizzes found
Score Distribution
Percent of People with Each Score
Percentile by Number Answered
Your Score History
You have not taken this quiz since the last reset